000
00304nam a2200133Ia 4500
008
231219s9999 xx 000 0 und d
041
_a
eng
082
_a
659
100
_a
Neidle Andrea
245
_a
How to get into Advertising
260
_b
Cassell London.
300
_a
196
650
_a
Management
999
_c
989532
_d
989532